Guess That Conan Gray Song!!! Vol 8 - Statistics

General Stats
  • This quiz has been taken 33 times
  • The average score is 195 of 277
Answer Stats
LYRICS % Correct
I
100%
the
100%
you
95%
You
95%
a
90%
and
90%
And
90%
in
90%
it
90%
love
90%
me
90%
we
90%
on
85%
your
85%
are
80%
at
80%
I'm
80%
is
80%
that
80%
That
80%
to
80%
us
80%
with
80%
As
75%
cry
75%
die
75%
fight
75%
Fight
75%
have
75%
I'd
75%
lie
75%
like
75%
My
75%
my
75%
of
75%
tell
75%
Than
75%
than
75%
they
75%
way
75%
don't
70%
eyes
70%
flight,
70%
flight?
70%
front
70%
got
70%
It's
70%
look
70%
or
70%
out
70%
outta
70%
rather
70%
Say
70%
there's
70%
There's
70%
used
70%
what
70%
before
65%
But,
65%
Every
65%
for
65%
I've
65%
know
65%
know.
65%
mine,
65%
never
65%
not
65%
our
65%
this
65%
were
65%
all
60%
been
60%
‘cause
60%
door
60%
gotten
60%
into
60%
met
60%
really
60%
smile
60%
someone
60%
Someone
60%
Something's
60%
Well,
60%
while
60%
didn't
55%
had
55%
heard
55%
loved
55%
move,
55%
new
55%
Now
55%
pretty
55%
rumor
55%
up
55%
wish
55%
admit
50%
ain't
50%
also
50%
both.
50%
crying
50%
hoping
50%
lover
50%
single
50%
They've
50%
they've
50%
true
50%
welling
50%
baby,
45%
Baby,
45%
balcony
45%
Callin'
45%
clothes
45%
crime
45%
Kinda
45%
lookin'
45%
off
45%
people
45%
scene
45%
seems
45%
telephone
45%
already
40%
other
40%
window
40%
magazine
35%
perfume
35%
shit
35%
smell
35%
spoke
35%
Telling
35%
throwing
35%
thrown
25%
No matching quizzes found
Score Distribution
Percent of People with Each Score
Percentile by Number Answered
Your Score History
You have not taken this quiz